Statistiques concernant Les Monster High

Cliquez ici pour prendre le quiz!

Statistiques générales

  • Ce quiz a été pris 352 fois
  • Le résultat moyen est 12 sur 42

Statistiques - réponses

GénérationNom% Correct
Draculaura
98%
Frankie Stein
66%
PremièreClawdeen Wolf
65%
Cleo de Nile
65%
Lagoona Blue
57%
Clawd Wolf
52%
DeuxièmeAbbey Bominable
41%
Deuce Gorgon
41%
Howleen Wolf
41%
Nefera De Nile
40%
Toralei
40%
Ghoulia Yelps
39%
Operetta
37%
Robecca Steam
32%
Rochelle Goyle
32%
Thomas Cramé
31%
Venus McFlytrap
29%
Catty Noir
28%
Spectra Vondergeist
28%
Clawdia Wolf
26%
Holt Hyde
25%
Gigi Grant
24%
Twyla
24%
Elissabat
23%
Jinafire Long
22%
Veronronique
21%
Gil Webber
19%
Miaoulodie
19%
Jackson Jekyll
18%
Viperine Gorgon
17%
Skelita Calaveras
16%
Honey Swamp
15%
Grotoumou
12%
Catrine DeMew
11%
Jane Boolittle
9%
Invisi Billy
8%
Scarah Screams
8%
Casta Fierce
7%
Sirena Von Boo
7%
Wydowna Spider
4%
Gilda Goldstag
1%
Neighthan Rot
1%

Distribution des résultats

Percentile par nombre de réponses

% des personnes avec chaque résultat

Votre développement - résultats

Vous n’avez pas pris ce quiz